Federal polity (Record no. 421114)

000 -LEADER
fixed length control field 00357cam a22001337a 4500
008 - FIXED-LENGTH DATA ELEMENTS--GENERAL INFORMATION
fixed length control field 180718b1967 xxu||||| |||| 00| 0 eng d
082 ## - DEWEY DECIMAL CLASSIFICATION NUMBER
Classification number B263 Sh23
100 ## - MAIN ENTRY--PERSONAL NAME
Personal name Sharma, B.M.
245 ## - TITLE STATEMENT
Title Federal polity
Statement of responsibility, etc. by B.M. Sharma and L.P. Choudhry
260 ## - PUBLICATION, DISTRIBUTION, ETC.
Place of publication, distribution, etc. Bombay
Name of publisher, distributor, etc. Asia
Date of publication, distribution, etc. 1967
300 ## - PHYSICAL DESCRIPTION
Extent xvi, 384p
650 ## - SUBJECT ADDED ENTRY--TOPICAL TERM
Topical term or geographic name entry element Federal government.
700 ## - ADDED ENTRY--PERSONAL NAME
Personal name Choudhry, L.P.
Holdings
Withdrawn status Lost status Damaged status Not for loan Permanent Location Current Location Date acquired Full call number Barcode Date last seen Price effective from Koha item type
        Indian Institute of Public Administration Indian Institute of Public Administration 2009-07-24 B263 Sh23 41792 2018-07-21 2018-07-21 Book

Powered by Koha